Using Of Alor Vera (Aloe Barbadensis) As Anticocidial in Digestive System Of Three Bllod Chichen Research Station Of FVM-RUAការប្រើប្រាស់ប្រទាលកន្ទុយក្រពើ COCCIDIA ក្នុងប្រដាប់រំលាយអាហារមាន់បីឈាម នៅស្ថានីយស្រាវជ្រាវវេជ្ជសាស្រ្តសត្វនៃសាកលវិទ្យាល័យភូមិន្ទកសិកម្ម (Record no. 571)

000 -LEADER
fixed length control field 00860nam a22001337a 4500
040 ## - CATALOGING SOURCE
Transcribing agency RUA
082 ## - DEWEY DECIMAL CLASSIFICATION NUMBER
Classification number AGR PHY2018 B020 Or.1
100 ## - MAIN ENTRY--AUTHOR NAME
Personal name PHY, PHEAROT.
245 ## - TITLE STATEMENT
Title Using Of Alor Vera (Aloe Barbadensis) As Anticocidial in Digestive System Of Three Bllod Chichen Research Station Of FVM-RUAការប្រើប្រាស់ប្រទាលកន្ទុយក្រពើ COCCIDIA ក្នុងប្រដាប់រំលាយអាហារមាន់បីឈាម នៅស្ថានីយស្រាវជ្រាវវេជ្ជសាស្រ្តសត្វនៃសាកលវិទ្យាល័យភូមិន្ទកសិកម្ម
260 ## - PUBLICATION, DISTRIBUTION, ETC. (IMPRINT)
Place of publication Phnom Penh
Name of publisher RUA
Year of publication 2018
300 ## - PHYSICAL DESCRIPTION
Number of Pages 45p.
Other physical details ill.
Dimensions 29cm.
856 ## - ELECTRONIC LOCATION AND ACCESS
Uniform Resource Identifier https://drive.google.com/file/d/1wlJxtjQyF54BdW2tDx34gajHyQ5KfXBT/view?usp=sharing
942 ## - ADDED ENTRY ELEMENTS (KOHA)
Koha item type AGR

No items available.

មជ្ឈមណ្ឌលឯការនៃសាកលវិទ្យាល័យភូមិន្ទកសិកម្មចំការដូង

Powered by Koha